| 000 | 00648nam a2200217 a 4500 | ||
|---|---|---|---|
| 999 |
_c2605 _d2605 |
||
| 001 | 2605 | ||
| 003 | BD-JhCC | ||
| 005 | 20171105173049.0 | ||
| 008 | 171105s1964 bg |||| ||a| 000 0 ben d | ||
| 035 | _a(BD-JhCC)2605 | ||
| 040 |
_aBD-JhCC _dBD-JhCC |
||
| 041 | _aben | ||
| 082 |
_a891.4409 _bAHA 1964 |
||
| 100 | _aআহসান, সৈয়দ আলী | ||
| 245 |
_aকবি মধুসুদন / _cসৈয়দ আলী আহসান |
||
| 260 |
_aঢাকা : _bনওরোজ কিতাবিস্তান, _c1964. |
||
| 300 |
_a126 p. : _c21 cm. |
||
| 650 | _aBengali Literature | ||
| 942 |
_2ddc _cBK |
||